000 00850nas a2200289 4500
001 BR2012006067
003 BR-BrBNA
005 20231205121002.0
007 ta
008 230509b bl.|||p| |||| 00| 00por d
040 _aBR-BrBNA
_bpor
_cBiblioteca Nacional de Agricultura
041 _a(Pt)
072 _aL74; L73
100 1 _aCarneiro, R.A.
100 1 _aBicalho, A.P. da C.V.
100 1 _aCardinot, C.B.
245 1 _aHiperadrenocorticismo canino: revisão de literatura
650 _aCÃO
650 _aDISTÚRBIO ANIMAL
650 _aCORTICOIDE
650 _aHIPÓFISE
650 _aDIAGNÓSTICO
650 _aCIRURGIA
773 0 _tV Z em Minas. Revista veterinária e Zootecnia em Minas (Brazil)
_x
_g(Apl-Jun 2010), v. 28(105) p. 15-24
_wBR2012006067
909 _a202311
_bLúcia
_c55
_dLúcia Elande
942 _2AGRIS
_n0
_cANA
999 _c221320
_d221320